000
00295nam a22001337a 4500
020
_a
978-0-141-01459-3
082
_a
158
_b
GLA/B
100
_a
GLADWELL,MALCOLM
245
_a
BLINK
260
_a
NEWYORK
_b
PENGUINBOOKS
300
_a
277
650
_a
PERSONALITY DEVELOPMENT
_z
NEWYORK
942
_c
BK
999
_c
5767
_d
5767